Statistics for UEFA Champions League All Time Leading Scorers

Click here to take the quiz!

General Stats

  • This quiz has been taken 2,237 times
    (1,582 since last reset)
  • The average score is 10 of 29

Answer Stats

#Players Name# of Goals% Correct
6Lionel Messi44
97%
1Raúl71
81%
10Cristiano Ronaldo32
69%
3Thierry Henry50
64%
18Wayne Rooney26
56%
2Ruud van Nistelrooy56
51%
8Didier Drogba36
50%
14Zlatan Ibrahimovic28
49%
5Filippo Inzaghi45
45%
=27Frank Lampard20
40%
4Andiry Shevchenko48
39%
7Alessandro Del Piero41
38%
=25Karim Benzema23
36%
=15Samuel Eto'o27
36%
=21Kaká24
34%
=21Luis Figo24
31%
=15Rivaldo27
30%
=15Ryan Giggs27
30%
9Fernando Morientes33
25%
=21Paul Scholes24
25%
11David Trézéguet30
22%
=19Hernan Crespo25
20%
=12Patrick Kluivert29
19%
=12Roy Makaay29
16%
=21Giovane Elber24
9%
=25Jari Litmanen23
5%
=19Mario Jardel25
5%
=27Serhiy Rebrov20
4%
=27Marco Simone20
2%

Score Distribution

Percentile by Number Answered

Percent of People with Each Score

Your Score History

You have not taken this quiz since the last reset